000 00827nam a2200277 i 4500
003 DO-SdBNP
005 20250708145502.0
007 ta
008 250708b2025 dr ||||| |||| 00| 0 spa d
020 _a9789945890730
040 _aDO-SdBNP
_bspa
_cBNPHU
_erda
041 _aspa
082 4 _axxx
_bD542s
_222
100 _aDíaz, Pircilio,
_eautor
_4aut.
_928665
245 1 3 _aLa soledad del oficio :
_bcuentos /
_cPircilio Díaz
250 _aPrimera edición
264 4 _aSanto Domingo :
_bEditora Búho,
_c©2025.
300 _a109 páginas ;
_c21 cm.
336 _atexto
_btxt
_2rdacontent
337 _asin mediación
_bn
_2rdamedia
338 _avolumen
_bnc
_2rdacarrier
500 _aIncluye datos biográficos del autor en las solapas
590 _aInventariado, 2025/BT
910 _aBtavárez
942 _2ddc
_cLBS1
999 _c59466
_d59466